| 000 | 01040cam a2200313K 4500 | ||
|---|---|---|---|
| 001 | 41632 | ||
| 005 | 20230410130513.0 | ||
| 008 | 890213s1966 sp 000 0 spa d | ||
| 035 | _a(OCoLC)ocm19173939 | ||
| 040 |
_aYKC _cYKC _dOCLCQ |
||
| 035 | _a(OCoLC)19173939 | ||
| 041 | 1 |
_aspa _heng |
|
| 050 | 1 | 4 |
_aPG 5038 _bC237r 1966 |
| 082 | 0 | 0 | _a891.862 |
| 049 | _aGRAL | ||
| 100 | 1 |
_aCapek, Karel, _d1890-1938. |
|
| 245 | 1 | 0 |
_aR.U.R. [Robots Universales Rossum] y el juego de los insectos / _c[por] Josef y Karel Capek, traducción del Inglés por Consuelo Vázquez de Parga. |
| 260 |
_aMadrid, _bEditorial Alianza _c[1966] |
||
| 300 |
_a220 p. _c18 cm. |
||
| 440 | 0 |
_aLibro de bolsillo. Sección literatura, _v20 |
|
| 500 | _aTranslation of R.U.R. and The insect play. | ||
| 500 | _aOriginal Czech title: R.U.R.-Ze zivota hmyzu. | ||
| 500 | _aAt head of cover title: Hermanos Capek. | ||
| 700 | 1 |
_aCapek, Josef, _d1887-1945. |
|
| 740 | 0 | 1 | _aJuego de los insectos. |
| 942 |
_2lcc _cbk |
||
| 994 |
_aC0 _bDRFGD |
||
| 946 | _aclperez | ||
| 999 |
_c75294 _d75294 |
||